| 000 | 00591nam a22002057a 4500 | ||
|---|---|---|---|
| 003 | UUm | ||
| 005 | 20140311162955.0 | ||
| 008 | 130305t xxu||||| |||| 00| 0 eng d | ||
| 020 | _a9780324353655 | ||
| 050 |
_aHD 45 _b.W4298 2007 |
||
| 100 |
_aWhite, Margaret A. _d |
||
| 245 |
_aThe management of technology and innovation : _ba strategic approach / _cMargaret A. White. |
||
| 260 |
_aMason, OH : _bThomson/South-Western, _c2007. |
||
| 300 |
_a404 p. : _bill. ; _c24 cm. |
||
| 521 | _aBSBA | ||
| 526 | _c1210L-1700L | ||
| 650 | _aManagement | ||
| 942 |
_2lcc _cBK _kFOR |
||
| 999 |
_c39022 _d39022 |
||